000 01203nam a2200289Ia 4500
001 Para_10203
003 CHAP
008 220125sJuni xx 000 0 und d
010 _a208887
040 _cCHAP
090 _aPA CD - TESIS 255
100 _aAvalos Calderón, Claudia Jazmín
_9126526
110 _aAnálisis de riesgo de plagas para plantas de aralia (Schefflera spp.) originarias de Costa Rica / Claudia Jazmín Avalos Calderón. Director José Ulises García Romero
_9175202
245 _aAnálisis de riesgo de plagas para plantas de aralia (Schefflera spp.) originarias de Costa Rica /
_c Claudia Jazmín Avalos Calderón. Director José Ulises García Romero
260 _aChapingo, Méx. :
_b el autor
300 _a1 CDS ROM (100 p.)
502 _aTesis (Ing. Agr. Esp. en Parasitología Agrícola). UACh. Departamento Parasitología Agrícola
700 _aGarcía Romero, José Ulises. Director
_9175203
710 _aUACh. Departamento Parasitología Agrícola
_9164025
901 _aPA CD - TESIS 255
902 _aM
905 _a513220Junio, 2013 abn 8100000000 06
910 _aJuni
942 _cPARA
942 _cPARA
_d2
999 _c208887
_d208887